| 000 | 07884nam a2200301 4500 | ||
|---|---|---|---|
| 003 | NALT | ||
| 005 | 20260209160027.0 | ||
| 008 | 250826b th ||||| |||| 00| 0 tha d | ||
| 040 | _aNALT | ||
| 086 | _aสว 09 7.3 341.756 2567 | ||
| 110 | 2 |
_aสำนักงานเลขาธิการวุฒิสภา. _bสำนักกรรมาธิการ 1 _92441 |
|
| 245 | 1 | 0 |
_aรายงานการพิจารณาศึกษา เรื่อง แนวทางการพัฒนาโครงสร้างพื้นฐานด้านการคมนาคมของประเทศ การขนส่งสินค้าระหว่างประเทศไทยและประเทศมาเลเซีย ของ คณะกรรมาธิการการคมนาคม วุฒิสภา / _cสำนักกรรมาธิการ 1 สำนักงานเลขาธิการวุฒิสภา. |
| 260 |
_aกรุงเทพฯ : _bสำนักกรรมาธิการ 1 สำนักงานเลขาธิการวุฒิสภา, _c2567. |
||
| 300 |
_a72 หน้า : _bภาพประกอบ, ตาราง, แผนภูมิ, แผนที่ ; _c30 ซม. |
||
| 505 | 2 | _aบทที่ 1 บทนำ -- หลักการและเหตุผล -- วัตถุประสงค์ -- กรอบแนวคิดการศึกษา -- ขอบเขตการศึกษา -- ระยะเวลาในการศึกษา -- ประโยชน์ที่คาดว่าจะได้รับจากการศึกษา -- บทที่ 2 ยุทธศาสตร์ชาติและนโยบายการดำเนินงานที่เกี่ยวข้อง -- ยุทธศาสตร์ชาติ 20 ปี (พุทธศักราช 2561 - 2580) -- 1. ยุทธศาสตร์การพัฒนาระบบคมนาคมขนส่งของไทย ระยะ 20 ปี -- 2. แผนพัฒนาเศรษฐกิจและสังคมแห่งชาติ ฉบับที่ 13 (พ.ศ. 2566 - 2570) -- 2.1 การพัฒนาโครงสร้างพื้นฐานและระบบโลจิสติกส์ -- 2.2 แนวทางการพัฒนาที่เกี่ยวข้องกับการคมนาคมขนส่งทางราง -- 2.3 แผนงานและโครงการพัฒนาโครงสร้างพื้นฐานด้านคมนาคมขนส่งด้านระบบรางตามแผนปฏิบัติงานและการใช้จ่ายงบประมาณ พ.ศ. 2566 -- 2.4 การพัฒนาพื้นที่ -- 2.5 การเชื่อมโยงการขนส่งระหว่างประเทศ -- 2.6 แผนงานการเชื่อมโยงโครงข่ายทางรถไฟระหว่างประเทศ -- 2.7 แผนแม่บทว่าด้วยความเชื่อมโยงระหว่างกันในอาเซียน -- 3. แผนการพัฒนากระทรวงคมนาคม -- 4. พระราชบัญญัติการขนส่งทางบก พ.ศ. 2522 -- 5. โครงสร้างพื้นฐานสำหรับการขนส่งสินค้าทางราง -- - แผนระยะเร่งด่วน -- - แผนระยะกลาง -- 6. ปริมาณการขนส่งทางรถไฟ แผนปฏิบัติการเพื่อส่งเสริมการเพิ่มประสิทธิภาพในการขนส่งสินค้าทางรถไฟ -- 7. การพัฒนาการเชื่อมโยงการขนส่งสินค้าทางรางระหว่างประเทศไทยและประเทศมาเลเซีย -- บทที่ 3 แผนการดำเนินงานที่เกี่ยวข้อง แผนการดำเนินงานในการเชื่อมโยงการขนส่งระหว่างประเทศไทยและประเทศมาเลเซีย -- - กรมทางหลวง -- - กรมทางหลวงชนบท -- - องค์การบริหารส่วนจังหวัดสงขลา -- - การรถไฟแห่งประเทศไทย -- - กรมการขนส่งทางบก -- - กรมศุลกากร : ด่านสะเดา -- บทที่ 4 สรุปผลการดำเนินงานปัญหาและอุปสรรคในการเชื่อมโยงการขนส่ง -- 1. ผลการดำเนินงานในการเชื่อมโยงการขนส่งระหว่างประเทศไทยและมาเลเซีย -- 1.1 กรมทางหลวง -- 1.2 กรมทางหลวงชนบท -- 1.3 องค์การบริหารส่วนจังหวัดสงขลา -- 1.4 ด่านศุลกากรสะเดา -- 1.5 ด่านศุลกากรปาดังเบซาร์ -- 1.6 ด่านศุลกากรสุไหง - โกลก -- 1.7 ตรวจคนเข้าเมืองจังหวัดนราธิวาส -- 1.8 การรถไฟแห่งประเทศไทย -- 1.9 กรมการขนส่งทางบก -- 2. ปัญหาและอุปสรรคในการเชื่อมโยงการขนส่งระหว่างประเทศไทยและมาเลเซีย -- ปัญหาการขนส่งผ่านแดนด้วยรถยนต์ -- ปัญหาการขนส่งทางราง -- ปัญหาด้านการค้าและเศรษฐกิจ -- ปัญหาอื่น ๆ -- บทที่ 5 สรุปผลการศึกษาและข้อเสนอแนะ -- 1. แนวทางการแก้ไขปัญหาการเชื่อมโยงการขนส่งระหว่างประเทศไทยและมาเลเซียในระยะเร่งด่วน ระยะกลาง และระยะยาว -- 1.1 แนวทางการแก้ไขปัญหาในระยะเร่งด่วน -- 1.2 แนวทางการแก้ไขปัญหาระยะกลางและระยะยาว. | |
| 610 | 2 | 4 |
_aคณะกรรมาธิการการคมนาคม วุฒิสภา _xรายงาน _917506 |
| 650 | 4 |
_aการขนส่งสินค้า _919739 |
|
| 650 | 4 |
_aการค้าระหว่างประเทศ _99659 |
|
| 651 | 4 |
_aมาเลเซีย _xการค้า _zไทย _922963 |
|
| 710 | 2 |
_aคณะกรรมาธิการการคมนาคม วุฒิสภา. _941314 |
|
| 850 | _aNALT | ||
| 856 | 4 | 0 | _uhttps://prt.parliament.go.th/items/3127b3b8-e2c8-4132-a2d9-a9f0786c4336 |
| 942 |
_cPAR _2local |
||
| 996 |
_anapasorn.k _bLIBSTF _c2025-08-26 |
||
| 996 |
_ajamriang.p _bCATSTF _c2025-09-30 |
||
| 999 |
_c107147 _d107147 |
||
| 998 |
_j1020 _k นางจำเรียง ระวังสำโรง |
||